| 000 | 00588nam a22002177a 4500 | ||
|---|---|---|---|
| 003 | OSt | ||
| 005 | 20220107122712.0 | ||
| 008 | 130515b xxu||||| |||| 00| 0 eng d | ||
| 020 | _a9788131717158 | ||
| 040 | _cIIITMK | ||
| 082 | _a006.74 JAC/W | ||
| 100 |
_aJackson, Jeffrey C _9116 |
||
| 245 |
_aWeb technologies: _bA Computer Science perspective _cby Jeffrey C Jackson |
||
| 260 |
_aNoida, _bPearson, _c2007. |
||
| 300 | _a590p. | ||
| 650 |
_aCOMPUTER SCIENCE _9117 |
||
| 650 |
_aWEB TECHNOLOGY _9118 |
||
| 650 |
_aCOMPUTER PROGRAMMING _9305 |
||
| 650 |
_aJSP _9306 |
||
| 942 |
_2ddc _cBK |
||
| 999 |
_c2950 _d2950 |
||